| 000 | 00398nam a2200109Ia 4500 | ||
|---|---|---|---|
| 008 | 160909s9999 xx 000 0 und d | ||
| 100 | _aWhite, Sandra L. | ||
| 245 | _aRecovery from trauma through experiential reframing: An empirical phenomenological study | ||
| 260 |
_bUniversity of West Georgia. _c2016 |
||
| 650 | _aPSYCHOLOGY | ||
| 856 | _uhttp://pqdtopen.proquest.com/doc/1795577792.html?FMT=ABS | ||
| 999 |
_c304063 _d304063 |
||